000 00688nam a2200289Ia 4500
005 20260324125734.0
008 008 260324s9999 xx 000 0 eng d
020 _a9780203934128
037 _aEBOOK
040 _aCRL
040 _beng
040 _cCRL
041 _2eng
041 _aeng
084 _qCRL
100 _aWilliam T. O'Donohue; Michael Cucciare
_91179129
245 0 _aTerminating Psychotherapy
245 2 _bA Clinician's Guide
260 _bTaylor and Francis
260 _c2008
365 _a
365 _b220
856 _uhttp://www.taylorfrancis.com/books/9780203934128
942 _cEBOOK
999 _c1774666
_d1774666